The method of densities for non-isotropic Boolean models (Record no. 15259)
[ view plain ]
| 000 -LEADER | |
|---|---|
| fixed length control field | 00509nam a2200121Ia 4500 |
| 008 - FIXED-LENGTH DATA ELEMENTS--GENERAL INFORMATION | |
| fixed length control field | 220615s9999||||xx |||||||||||||| ||und|| |
| 100 ## - MAIN ENTRY--PERSONAL NAME | |
| Personal name | Hörrmann, Julia |
| 245 #4 - TITLE STATEMENT | |
| Title | The method of densities for non-isotropic Boolean models |
| 546 ## - LANGUAGE NOTE | |
| Language note | English[eng] |
| 650 ## - SUBJECT ADDED ENTRY--TOPICAL TERM | |
| Topical term or geographic name entry element | Stochastic geometry||Boolean model||Intensitätsschätzung||method of densities||anisotropy||Anisotropie||intensity estimation||Boolesches Modell||Stochastische Geometrie |
| 856 ## - ELECTRONIC LOCATION AND ACCESS | |
| Uniform Resource Identifier | <a href="https://www.ksp.kit.edu/9783731503293">https://www.ksp.kit.edu/9783731503293</a> |
| 942 ## - ADDED ENTRY ELEMENTS (KOHA) | |
| Koha item type | E-Books |
| Withdrawn status | Lost status | Damaged status | Not for loan | Home library | Current library | Date acquired | Total Checkouts | Date last seen | Price effective from | Koha item type |
|---|---|---|---|---|---|---|---|---|---|---|
| Kerala University of Digital Sciences, Innovation and Technology Knowledge Centre | Kerala University of Digital Sciences, Innovation and Technology Knowledge Centre | 15/06/2022 | 15/06/2022 | 15/06/2022 | E-Books |